Statistics for Parties (Mostly Political)

Click here to take the quiz!

General Stats

  • This quiz has been taken 17,408 times
    (11,844 since last reset)
  • The average score is 13 of 20

Answer Stats

ClueParty% Correct
Obama's partyDemocratic
99%
Bush's partyRepublican
99%
Adolf Hitler's partyNazi
94%
1773 event in Boston HarborBoston Tea
88%
Party that ruled the USSRCommunist
86%
Margaret Thatcher's partyConservative
82%
Tony Blair's partyLabour
79%
Overnight sleepover party for kidsSlumber
71%
Party in honor of a groom-to-be (U.S.)Bachelor
70%
Party that finished fourthGreen
69%
Black power party led by
Huey P. Newton
Black Panther
57%
Party for plastic kitchen containersTupperware
55%
British version of the aboveStag
54%
Party that finished third in the
2016 U.S. Presidential election
Libertarian
53%
Irish party that used to be associated
with the IRA
Sinn Féin
49%
Party started by Alexander HamiltonFederalist
39%
François Mitterrand's partySocialist
36%
Pioneers who resorted to cannibalism
in the Sierra Nevadas
Donner
35%
Saddam Hussein's partyBa'ath
34%
Benjamin Netanyahu's partyLikud
28%

Score Distribution

Percentile by Number Answered

Percent of People with Each Score

Your Score History

You have not taken this quiz since the last reset